Statistics for U.S. States that Border Canada With a Map

Click here to take the quiz!

General Stats

  • This quiz has been taken 28 times
  • The average score is 11 of 11

Answers on the Map

Answers color-coded by a green-red scale on the quiz's map according to % correct below.
 

Answer Stats

State% Correct
Alaska
100%
Maine
100%
Michigan
100%
Montana
100%
North Dakota
100%
Washington
100%
Idaho
96%
New Hampshire
96%
New York
96%
Vermont
96%
Minnesota
93%

Score Distribution

Percentile by Number Answered

Percent of People with Each Score

Your Score History

You have not taken this quiz